Flaggen von Ländern, die an China grenzen - Statistiken

Allgemein
  • Dieses Quiz wurde 12.986 mal gespielt
  • Das Durchschnittsergebnis liegt bei 11 aus 14
Antwortstatistiken
Bildquiz Antwort % Korrekt
Indien
100%
Russland
99%
Nepal
94%
Vietnam
88%
Nordkorea
87%
Kasachstan
85%
Pakistan
85%
Bhutan
82%
Mongolei
77%
Afghanistan
74%
Laos
72%
Kirgisistan
67%
Myanmar
64%
Tadschikistan
59%
Keine übereinstimmenden Quizze gefunden
Verteilung der Resultate
Anzahl Personen mit jedem Resultat
Perzentil nach korrekt beantworteten Fragen
Ihre Resultats-Entwicklung
Sie haben dieses Quiz noch nicht gespielt